The Treaty of Frankfurt : a study in diplomatic history, September 1870 - September 1873.

Saved in:
Bibliografiske detaljer
Hovedforfatter: Giesberg, Robert I., 1922-
Format: Bog
Sprog:English
Udgivet: Philadelphia : University of Pennsylvania Press, [1966].
Fag:
LEADER 00957nam a2200229 i 4500
001 c000014222
003 CARM
005 00000000000000.0
008 870401s1966 pau 00000 eng d
019 1 |a 6374404  |z 7999146  |5 LACONCORD2021 
035 |a (OCoLC)153842148  |5 LACONCORD2021 
100 1 |a Giesberg, Robert I.,  |d 1922-. 
245 1 0 |a The Treaty of Frankfurt :  |b a study in diplomatic history, September 1870 - September 1873. 
260 |a Philadelphia :  |b University of Pennsylvania Press,  |c [1966]. 
300 |a 329 p. :  |b illus. 
500 |a Bibliography: p.311-320. 
650 0 |a Frankfurt am Main, Peace of, 1871. 
651 0 |a France  |x Foreign relations  |z Germany. 
651 0 |a Germany  |x Foreign relations  |z France. 
852 8 |b CARM  |h A2:AF28G0  |i B01653  |p 0074739  |f BK 
999 f f |i 6b315d16-dd45-5ecb-a601-54ef2d9d8992  |s 58317369-60cf-57f5-a0ef-73c2c234190b 
952 f f |p Can circulate  |a CAVAL  |b CAVAL  |c CAVAL  |d CARM 1 Store  |e B01653  |f A2:AF28G0  |h Other scheme  |i book  |m 0074739